000 00991nam a2200193Ia 4500
999 _c39417
_d39417
001 6008
003 GE_BSU
005 20190628144350.0
008 181216s1961|||| |||||||||||||| ||geo||
080 _a621.719(075.8)+669 გ-48
100 _aგიორგიძე, ვ.
_93048
245 _aლითონთა ტექნოლოგია:მეტალურგია და სამსხმელო წარმოება : სახელმძღვ. /
_cვ. გიორგიძე ; რედ : ი.გოგუაძე.
264 _aთბილისი :
_bგანათლება,
_c1988.
300 _a433 გვ .:
_bილ ;
_c22 სმ .
504 _aბიბლიოგრ : გვ.418.
653 _aლითონთა ტექნოლოგია:მეტალურგია და სამსხმელო წარმოება
700 _aგოგუაძე, ი
_eრედაქტრი
_93049
942 _cBK
_2udc